Harvard business review : developing an effective organization Part II

Bibliographic Details
Corporate Author: Harvard College
Format: Book
Published: (S.1) : Harvard College , 1978
Subjects:

MARC

LEADER 00000cam a2200000 7i4500
001 0000000877
005 20050426.0
040 |a INS 
090 0 0 |a RHF5011.   |b H33 1978 
245 1 0 |a Harvard business review :   |b developing an effective organization Part II   |c (Harvard College) 
260 |a (S.1) :   |b Harvard College ,   |c 1978 
300 |a 207p. ;   |c 28 cm. 
650 0 0 |a Management   |x Programmed instructions 
710 2 |a Harvard College 
999 |a 0000001347   |b BOOK   |c Open Shelf   |e Default branch